| 000 | 00546nam a2200181Ia 4500 | ||
|---|---|---|---|
| 003 | SGT | ||
| 020 | _a9788177588712 | ||
| 082 |
_a620.11 _bBUD |
||
| 100 | _aBudinski, Kenneth G. | ||
| 245 | _aEngineering materials : properties and selection | ||
| 250 | _a8th Ed. | ||
| 260 |
_bPearson _aNew Delhi _c2009 |
||
| 300 | _a869p. | ||
| 650 | _aMECHANICAL ENGINEERING | ||
| 653 | _aTHE STRUCTURE OF MATERIALS,PROPERTIES OF MATERIALS,TRIBOLOGY,PRINCIPLES OF POLYMERIC MATERIALS,POLYMER FAMILIES, | ||
| 700 | _aBudinski, Michael K | ||
| 942 |
_2ddc _cBK |
||
| 999 |
_c5153 _d5153 |
||